000 00715nam a2200229Ia 4500
003 GCL
008 140319s9999 xx 000 0 ara d
040 _aGCL /
_cGCL
082 0 4 _aق
_b329.02
_bم م
100 1 _aمحمد سيد احمد
245 1 0 _aمستقبل النظام الحزبى فى مصر /
_cمحمد سيد احمد
260 _aالقاهرة :
_bدار المستقبل العربى ،
_c1984
300 _a221 ص ؛
_c20 سم
490 _a
650 0 4 _aمصر
650 0 4 _aالاحوال السياسية
650 0 4 _aالشيوعية
650 0 4 _aالاحزاب السياسية
650 0 4 _aالناصرية
650 0 4 _aالاسلام والسياسة
942 _2ddc
_cBK
999 _c32685
_d32685